A General Theory of Secularization (Record no. 26697)

MARC details
000 -LEADER
fixed length control field 00413nam a2200169Ia 4500
020 ## - INTERNATIONAL STANDARD BOOK NUMBER
ISBN 0-06-090704-5
100 ## - STATEMENT OF RESPONSIBILITY--MAIN AUTHOR NAME
Personal name David Martin
245 #2 - TITLE STATEMENT
Title A General Theory of Secularization
260 ## - PUBLICATION, DISTRIBUTION, ETC. (IMPRINT)
Place of publication New York
260 ## - PUBLICATION, DISTRIBUTION, ETC. (IMPRINT)
Name of publisher Harper Colophon Books
260 ## - PUBLICATION, DISTRIBUTION, ETC. (IMPRINT)
Year of publication 1978
300 ## - PHYSICAL DESCRIPTION
Number of Pages 353 p
650 ## - SUBJECT ADDED ENTRY--TOPICAL TERM
Topical Term Theory of Secularization
942 ## - ADDED ENTRY ELEMENTS (KOHA)
Koha item type Books
Holdings
Withdrawn status Lost status Source of classification or shelving scheme Damaged status Not for loan Permanent Location Current Location Date acquired Accession Number Price effective from Koha item type
    Library of Congress Classification     NILE UNIVERSITY OF NIGERIA - MAIN LIBRARY NILE UNIVERSITY OF NIGERIA - MAIN LIBRARY 04/23/2025 0000422 04/23/2025 Books